00550nam a2200193 a 4500001001300000003000900013005001700022008004100039020001000080082001700090100002100107245003500128260004300163300000800206500003500214505006400249650002200313700002100335nice12345678IN_TiNIC20260116012753.0050524s1981 dela grp 000 0 eng  ac12000a297.63bKHA1 aKhan, Syed Ahmed aEssays on the Life of Mohammad aDelhibIdarah-I Adabiyat-I Dellic1981 a00p aincludes index and biblioraphy2 aPart 1 Question of Authenticity and Authority of the Bible. aMuhammad, Prophet1 aKhan, Syed Ahmed